000 00370nam a2200145Ia 4500
008 230312s9999||||xx |||||||||||||| ||und||
020 _a0-7083-2509-4
082 _a791.4377
_bHEI-R
100 _aHeise;Tatiana,Signorelli
245 0 _aRemaking Brazil
260 _bWales Press
_aCardiff
_c2012
300 _a200
650 _aMass com
_vMass Communication
942 _cBK
999 _c11452
_d11452